Statistiques concernant Culture Générale - Série 2061

Cliquez ici pour prendre le quiz!

Statistiques générales

  • Ce quiz a été pris 62 fois
  • Le résultat moyen est 3 sur 10

Statistiques - réponses

QuestionRéponse% Correct
De quelle ville française est originaire le groupe de hip-hop "IAM" ?Marseille
78%
Familièrement ce mot désigne un chien ou un mauvais acteurcabot
50%
Quel mot de 7 lettres commençant par " g " désigne familièrement un chapeau ?galurin
48%
Quel mot synonyme de "penne" désigne une grande plume rigide de l'aile d'un oiseau ?rémige
20%
Dans quel pays européen se trouve la ville de Sanem ?Luxembourg
12%
Quel légume est le "niébé" ?haricot
10%
Lanière jaune pâle utilisée pour fabriquer des meublesrotin
10%
Egalement appelé gayal, c'est le plus gros des mammifères herbivores sauvages de la famille des bovidés. Il vit en Asie du Sud-Est - voir photogaur
8%
"Boîte où le prêtre enferme l'hostie" ou "Panneau latéral arrière d'une carrosserie de voiture"custode
7%
Dans la mythologie grecque, qui est la mère de Persée ?Danaé
7%

Distribution des résultats

Percentile par nombre de réponses

% des personnes avec chaque résultat

Votre développement - résultats

Vous n’avez pas pris ce quiz